000 01186cam a2200325 i 4500
999 _c6628
_d6628
001 18618436
003 GZU
005 20210427102132.0
008 150515s2015 enka b 001 0 eng
010 _a 2015018101
020 _a9781472470317 (hardback : alk. paper)
040 _aDLC
_beng
_cDLC
_erda
_dDLC
042 _apcc
050 0 0 _aHD62.15
_b.KUM 2015
082 0 0 _a658.4/092
_223
100 1 _aKumar, Dhirendra,
_d1942-
245 1 0 _aBuilding sustainable competitive advantage :
_bthrough executive enterprise leadership /
_cDhirendra Kumar.
264 1 _aFarnham, Surrey, UK ;
_aBurlington, VT :
_bGower,
_c[2015]
300 _axv, 269 pages :
_billustrations ;
_c25 cm
336 _atext
_2rdacontent
337 _aunmediated
_2rdamedia
338 _avolume
_2rdacarrier
504 _aIncludes bibliographical references (pages 233-260) and index.
650 0 _aTotal quality management.
650 0 _aLeadership.
650 0 _aSustainability.
906 _a7
_bcbc
_corignew
_d1
_eecip
_f20
_gy-gencatlg
942 _2lcc
_cBK
_h62.15
_iKUM
_k2015